| 000 | 00831nam a22002297a 4500 | ||
|---|---|---|---|
| 003 | 0 | ||
| 005 | 20250902143446.0 | ||
| 008 | 250902b xxu||||| |||| 00| 0 eng d | ||
| 020 | _a978-1-350-42787-7 | ||
| 050 |
_aPE 1417 _b.R43 2024 |
||
| 100 |
_aRead, Siew Hean, _eauthor. |
||
| 245 |
_aAcademic writing skills for international students / _cSiew Hean Read. |
||
| 250 | _aSecond edition. | ||
| 260 |
_aLondon : _bBloomsbury Academic, _c2024. |
||
| 300 |
_ax, 204 pages : _billustrations ; _c25 cm. |
||
| 504 | _aIncludes index. | ||
| 650 |
_aEnglish language _xRhetoric _xStudy and teaching (Higher). |
||
| 650 |
_aEnglish language _xTextbooks for foreign speakers. |
||
| 650 |
_aAcademic writing _xStudy and teaching (Higher). |
||
| 650 |
_aEnglish language _xStudy and teaching (Higher) _xForeign speakers. |
||
| 942 |
_2lcc _cBK |
||
| 999 |
_c367753 _d367753 |
||